Fairy Tail - Top 30 des Sorts les plus Puissants - Statistiques

Statistiques générales
  • Ce quiz a été pris 150 fois
  • Le résultat moyen est 5 sur 30
Statistiques - réponses
# Sort Utilisateur / Utilisatrice % Correct
28 Fairy Glitter Kanna Alperona
59%
07 Loi des Fées Luxus Draer / Maevis Vermillion / Makarov Draer
59%
21 Urano Metria Lucy Heartfilia
45%
23 Hurlement du Dragon de Feu (Force d'Ignir) Natsu Dragnir
42%
19 Hurlement du Dragon de Feu Foudroyant Natsu Dragnir
42%
01 Fairy Sphere Lucy Heartfilia / Maevis Vermillion
33%
26 Grand Chariot Jellal Fernandez
31%
14 Glace Absolue Grey Fullbuster / Oul Milkovich
28%
08 Loi du Grimoire Hades
27%
11 Meteor Blade Roi des Esprits
26%
04 Nirvana Nirveat / Oracion Seis
23%
06 Universe One Eileen Belserion
20%
03 Deus Sema Eileen Belserion
15%
13 Genesis Zero Brain (Zero)
14%
10 Historia Ninehart
9%
16 Sema Jellal Fernandez
9%
12 Memento Mori Mard Geer
8%
29 Trou Noir Bluenote Stinger
8%
09 Épée Galactique Roi des Esprits
7%
02 Ars Magia August
6%
18 Abyss Break Jellal Fernandez / Jupiter (Phantom Lord)
5%
20 Amaterasu (Formule 100) Hades
4%
27 Amaterasu (Formule Bombe) Hades
4%
17 Canon Magique Antimatériel Super Longue Distance Wahl Icht
4%
22 Rest In Peace Larcade Dragnir
4%
30 Yagdo Ligora Minerva Orlando
4%
05 Nemesis Hades
3%
15 Palais de la Foudre Luxus Draer
3%
25 Altairis Jellal Fernandez
1%
24 Montagne Jura Nekis
1%
Aucun quiz correspondant
Distribution des résultats
% des personnes avec chaque résultat
Percentile par nombre de réponses
Votre historique - résultats
Vous n’avez pas pris ce quiz